00536nam a2200169 a 450000500170000000800410001702000180005805000220007610000180009824500630011626000370017930000100021652000870022665000170031365000140033070000220034420140414093840.0070817s19uu xx 00 eng d a0-9655808-5-7 aDVD 570bPIL 2002 aPilafian, Sam aThe Breathing gym /cBy Sam Pilafian and Patrick Sheridan. aSl :bFocus on Exelence,cc2002. a1 DVD aExercises to improve Breath control flow, for Band , Chorus, and Orchestral winds. aRespiration. aAerobics. aSheridan, Patrick